000 00638nam a2200217Ii 4500
003 JO-AjNU
008 230606s9999||||xx |||||||||||||| ||und||
020 _a978-93-81385-03-6
040 _aJO-AjNU
_beng
_erda
_cJO-AjNU
041 _aeng
050 1 4 _aPR85 2011
100 3 _aEdited by: Tyagi, Anurag,
_eauthor
_93016
245 0 0 _aHISTORY OF ENGLISH LITERATURE
250 _a1 ed
264 3 1 _aDELHI: ANCIENT PUBLISHING HOUSE, 2011
300 _a276P
336 _atext
_btxt
_2rdacontent
337 _aunmediated
_bn
_2rdamedia
338 _avolume
_bnc
_2rdacarrier
650 4 _aEnglish Literature - History and Criticism
_93017
999 _aE1582
_c1582
_d1582